000 01483nam a2200277 4500
001 114129
003 DR-UNIBE
005 20251002092217.0
008 251002b2009 dr ||||| |||| 00| 1 spa d
020 _a9789945415315
040 _aBIBLIOTECA UNIBE
_bspa
_cBIBLIOTECA UNIBE
_erda
041 _aspa
090 _aFBIU-PUCMM CI S945
245 1 0 _aSueños, fantasías y mucho más:
_bcuentos de niños y niñas dominicanas /
_cpresentación: Melanio Paredes P. ; edición y prólogo: Liliana Montenegro ; compilación: Equipo Técnico Programa Escuelas Efectivas-Lengua española
250 _aPrimera edición
260 _aSantiago de los Caballeros :
_bPontificia Universidad Católica Madre y Maestra (PUCMM),
_c 2009
300 _a158 páginas :
_bilustraciones ;
_c20 x 27 cm
490 _aPUCMM. Colección contemporáneos
500 _aIncluye glosario, fotos de los niños escritores de los primeros grados del ciclo básico de escuelas públicas de Santiago de los Caballeros, La Vega, Moca y otras que participaron en el concurso promovido por la PUCMM y el Programa Escuelas Efectivas-Lengua Española. Biblioteca tiene volumen 2
653 7 _aCuentos infantiles dominicanos
653 7 _a Literatura infantil dominicana
700 1 0 _aParedes P., Melanio A.
_9199494
_epresentación
700 1 0 _aMontenegro, Liliana
_955076
_eeditor
_eprologista
710 1 0 _aEquipo Técnico Programa Escuelas Efectivas-Lengua Epañola
_955083
_ecompilador
942 _2ddc
_cBK
999 _c114129
_d114129